00768nam a2200193 a 450000100100000000500170001000800410002704000250006808200160009311000770010924500760018624600370026226000810029930000200038070000340040004900090043495201140044399900170055700002937020240404093624.0110415s1981 dr 000 0 spa d aDO-SdBNPbspacBNPHU axxxxbC755N2 aConsejo Nacional de Población y Familia (República Dominicana)9698510a13 años después 1968-1981. /cIntroducción Luis González Fabra.10aTrece años después 1968-1981 aSanto Domingo :bConsejo Nacional de Población y Familia (CONPOFA),c1981. a25 p. ;c22 cm.1 aGonzález Fabra, Luis956243 aBNPD 0010718PDaPDbPDcCTd2011-04-15iLF1l0oxxxx C755Np29370-10r2020-06-25w2020-06-25yLFPDZNo se presta c28862d28862